| 000 -LEADER |
| fixed length control field |
02483nam a22002057a 4500 |
| 005 - DATE AND TIME OF LATEST TRANSACTION |
| control field |
20260217084858.0 |
| 008 - FIXED-LENGTH DATA ELEMENTS--GENERAL INFORMATION |
| fixed length control field |
260127b ||||| |||| 00| 0 eng d |
| 040 ## - CATALOGING SOURCE |
| Transcribing agency |
SSBUL |
| 082 ## - DEWEY DECIMAL CLASSIFICATION NUMBER |
| Edition number |
23 |
| Item number |
T-40 Ph.D |
| 100 ## - MAIN ENTRY--PERSONAL NAME |
| Personal name |
Aung Zaw Myint . |
| 9 (RLIN) |
65781 |
| 245 10 - TITLE STATEMENT |
| Title |
Boats and Barges of the Konbaung Period (1752-1885) / |
| Remainder of title |
2010 4PhD-Hist-8 |
| Statement of responsibility, etc. |
Aung Zaw Myint |
| 260 ## - PUBLICATION, DISTRIBUTION, ETC. |
| Place of publication, distribution, etc. |
Mandalay: |
| Name of publisher, distributor, etc. |
University of Mandalay, |
| Date of publication, distribution, etc. |
2010. |
| 300 ## - PHYSICAL DESCRIPTION |
| Extent |
xxxiii, 199 p. , |
| Other physical details |
Included map, table, and image, |
| Dimensions |
29 cm. |
| 500 ## - GENERAL NOTE |
| General note |
Konbaung Period (1752-1885) |
| 502 ## - DISSERTATION NOTE |
| Dissertation note |
Myanmar Kings used to select sites by the Ayeyarwady River where they founded their Royal Capital Cities of the Kingdom. They organized Crown boatmen groups and built naval stations along the Ayeyarwady River and the Chindwin River, to defend the kingdom. The boats were built for military purposes whereas grand and picturesque barges with heavily gilded, multi-tiered spire were used for royal river cruise in state. As Myanmar Naing-ngan has many navigable rivers, creeks, and natural lakes, waterway vehicles played a very significant role not only for military purpose but also for conveyance of passengers and goods. This dissertation is submitted in partial fulfilment of the requirements in pursuing a Ph.D. degree. It is and attempt to study royal boats and barges of the Konbaung period, in order to examine the usefulness of these vehicles in administration, in military affairs and in socio-economic spheres of the people. The study indeed is made on all of waterway vehicles, besides the royal boats and barges, which revealed social status of the owners and users. Building techniques of boats and barges are also examined and discussed. Their role in unification of the country, in both offensive and defensive of military operations and in trading and transportation are also observed. Most importantly, the study sheds light on the life of royal boatmen status groups in the then society. Discussions are also made on their contributions to the country and society and on their socio-economic conditions, based on evidences provided by contemporary records in Parabaiks. |
| 505 ## - FORMATTED CONTENTS NOTE |
| Formatted contents note |
Introduction<br/>Chapters<br/>1. Royal boats and barges<br/>2. The role of war boats in Naval Warfares<br/>3. Trading and ferry boats of the people<br/>4. Royao boatmen and their socio economic life<br/>5. Conclusion. |
| 650 ## - SUBJECT ADDED ENTRY--TOPICAL TERM |
| Topical term or geographic name entry element |
transportation |
| Chronological subdivision |
(1752-1885) |
| 9 (RLIN) |
65782 |
| General subdivision |
History |
|
| Topical term or geographic name entry element |
Boat and Barge |
| Chronological subdivision |
(1752-1885) |
| General subdivision |
History |
| 9 (RLIN) |
66363 |
| 942 ## - ADDED ENTRY ELEMENTS (KOHA) |
| Source of classification or shelving scheme |
|
| Koha item type |
Reference |